LEADER 02610nam 2200457z- 450 001 996344232103316 005 20231214141113.0 010 $a3-95650-407-0 035 $a(CKB)4100000009038087 035 $a(oapen)https://directory.doabooks.org/handle/20.500.12854/49188 035 $a(EXLCZ)994100000009038087 100 $a20202102d2019 |y 0 101 0 $ager 135 $aurmn|---annan 181 $ctxt$2rdacontent 182 $cc$2rdamedia 183 $acr$2rdacarrier 200 10$aHelden müssen sterben$eVon Sinn und Fragwürdigkeit des heroischen Todes 210 $cNomos Verlagsgesellschaft mbH & Co. KG$d2019 225 1 $aHelden - Heroisierungen - Heroismen 311 $a3-95650-406-2 330 $a"Heroes have to die because they are human. Their death, however, may vary in its relevance to their status as heroic figures. In Greek antiquity, death is the prerequisite for heroisation; expecting to continue their existence in the afterlife, martyrs sacrifice their lives in acts of killing that are often taken to the extreme; the war hero follows the call to commit his life to a greater good, without death being the necessary goal. Based on examples from the time between antiquity and the present age, the contributions to this book show from an interdisciplinary perspective how heroic action, dying, and death are respectively related to each other and how the representations of heroic dying mediate between heroes and their audience. The essays discuss questions such as: How do heroic figures die? What role does violence play in the process? How is the hero?s death presented and staged? What types of media in particular lend themselves to depictions of heroic death and the death of the hero? With contributions by Achim Aurnhammer, Cornelia Brink, Ulrich Bröckling, Jürgen Dendorfer, Nicolas Detering, Peter Eich, Nicole Falkenhayner, Andreas Gelz, Olmo Gölz, Joachim Grage, Barbara Korte, Dietmar Neutatz, Johanna Pink, Sitta von Reden, Anna Schreurs-Morét, Magnus Striet, Stefan Tilg, Ralf von den Hoff. " 610 $aMythos 610 $aVerehrung 610 $aHeroismus 610 $aheroischer Tod 610 $aHeldentum 610 $aAntike 610 $aHeldentod 610 $aHeld 610 $aRittertum 610 $aPhilosophie 610 $aGewalt 610 $aHeldensterben 700 $avon den Hoff$b Ralf$4auth$01328743 702 $aBrink$b Cornelia$4auth 702 $aFalkenhayner$b Nicole$4auth 906 $aBOOK 912 $a996344232103316 996 $aHelden müssen sterben$93038894 997 $aUNISA LEADER 03895oam 2200769 c 450 001 996308779903316 005 20240424225727.0 010 $a3-8394-2958-7 024 7 $a10.14361/transcript.9783839429587 035 $a(CKB)3710000000393305 035 $a(EBL)2026247 035 $a(SSID)ssj0001543427 035 $a(PQKBManifestationID)16133967 035 $a(PQKBTitleCode)TC0001543427 035 $a(PQKBWorkID)14788844 035 $a(PQKB)11204946 035 $a(MiAaPQ)EBC2026247 035 $a(DE-B1597)452361 035 $a(OCoLC)909895069 035 $a(OCoLC)910581969 035 $a(DE-B1597)9783839429587 035 $a(MiAaPQ)EBC6695258 035 $a(Au-PeEL)EBL6695258 035 $a(ScCtBLL)0eacaae5-2180-4059-8e90-393ba6aa4f62 035 $a(transcript Verlag)9783839429587 035 $a(oapen)https://directory.doabooks.org/handle/20.500.12854/34285 035 $a(EXLCZ)993710000000393305 100 $a20220221d2015 uy 0 101 0 $ager 135 $aur|n|---||||| 181 $ctxt 182 $cc 183 $acr 200 14$aDas utopische Europa$eDie Vertra?ge der politischen Integration Europas und ihre utopischen Elemente$fMarcus Koch 205 $a1st ed. 210 $aBielefeld$ctranscript Verlag$d2015 215 $a1 online resource (163 p.) 225 0 $aEdition Politik$v21 300 $aDescription based upon print version of record. 311 $a3-8376-2958-9 320 $aIncludes bibliographical references. 327 $a1 Inhalt 5 Einleitung 9 I. Die Utopie 25 II. Die Analyse 69 III. Resu?mee 117 IV. Ausblick 137 Nachwort 149 Literatur 151 160 330 $aWelche Rolle spielt(e) das Utopische im Prozess der Europa?ischen Integration? Was bedeutet die Formulierung vom »utopischen Europa« in Zeiten der Wirtschafts- und Finanzkrise in der EU? Anhand der Analyse juristischer Grundlagentexte zeigt Marcus Koch, welche Position utopische Vorstellungen in der europa?ischen Einigung einnahmen und wie sie sich in der historischen Entwicklung vera?ndert haben. Die Studie verdeutlicht einmal mehr, dass utopische Vorstellungen eine Triebfeder politischer Prozesse sind, und tra?gt zum Diskurs um die Attraktivita?t und Sinnhaftigkeit der derzeit viel gescholtenen Europa?ischen Union bei. 330 1 $a»Kluges Buch.« Olaf Schwencke, Kulturpolitische Mitteilungen, 156/1 (2017) Besprochen in: Portal fu?r Politikwissenschaft, 17.09.2015, Wilhelm Knelangen 410 0$aEdition Politik ;$vBand 21. 606 $aUtopie; Utopische Idee; Europa?ische Idee; Europa?ische Integration; Europa?ische Union; Europa; Politik; Europa?ische Politik; Politische Theorie; Politikwissenschaft; Utopia; Utopian Imagination; European Idea; European Integration; European Union; Europe; Politics; European Politics; Political Theory; Political Science; 607 $aEurope$xEconomic integration 607 $aEurope$xPolitics and government$y1945- 610 $aEurope. 610 $aEuropean Idea. 610 $aEuropean Integration. 610 $aEuropean Politics. 610 $aEuropean Union. 610 $aPolitical Science. 610 $aPolitical Theory. 610 $aPolitics. 610 $aUtopian Imagination. 615 4$aUtopie; Utopische Idee; Europa?ische Idee; Europa?ische Integration; Europa?ische Union; Europa; Politik; Europa?ische Politik; Politische Theorie; Politikwissenschaft; Utopia; Utopian Imagination; European Idea; European Integration; European Union; Europe; Politics; European Politics; Political Theory; Political Science; 676 $a337.142 686 $aMD 6400$2rvk 700 $aKoch$b Marcus$4aut$0864176 801 0$bDE-B1597 801 1$bDE-B1597 906 $aBOOK 912 $a996308779903316 996 $aDas utopische Europa$92076157 997 $aUNISA